[Event "Benidorm op U2000 07th"]
[Site "Benidorm"]
[Date "2008.11.29"]
[Round "1"]
[White "Borges Rebullida, Jordi"]
[Black "Cebolla Moll, Ricardo"]
[Result "0-1"]
[WhiteElo "1764"]
[BlackElo "1983"]
[PlyCount "54"]
[EventDate "2008.11.29"]
[EventType "swiss"]
[EventRounds "9"]
[EventCountry "ESP"]
[SourceTitle "CBM 127 Extra"]
[Source "ChessBase"]
[SourceDate "2009.01.08"]
[SourceVersion "2"]
[SourceVersionDate "2009.01.28"]
[SourceQuality "1"]

1. e4 d5 2. exd5 Qxd5 3. Nc3 Qd6 4. d4 Nf6 5. Nf3 Bg4 6. Be2 c6 7. Be3 e6 8. Qd2 Qc7 9. h3 Bxf3 10. Bxf3 Nbd7 11. a3 h6 12. b4 Nb6 13. Qd3 Nbd5 14. Nxd5 cxd5 15. Qb5+ Nd7 16. 0-0 a6 17. Qd3 Bd6 18. Rfc1 Nb6 19. Be2 Nc4 20. c3 0-0 21. Ra2 Rfc8 22. Bd1 Qe7 23. Bc2 Qf6 24. Bb3 Qh4 25. Bc2 g6 26. Bd1 Nxe3 27. Qxe3 Bf4 0-1

[Event "Barcelona La Lira Spring op 1st"]
[Site "Barcelona"]
[Date "2008.05.08"]
[Round "5.16"]
[White "Borges Rebullida, Jordi"]
[Black "Barbero Rodriguez, Nelson"]
[Result "1/2-1/2"]
[WhiteElo "1700"]
[BlackElo "1785"]
[PlyCount "55"]
[EventDate "2008.04.03"]
[EventType "swiss"]
[EventRounds "8"]
[EventCountry "ESP"]
[SourceTitle "EXT 2024"]
[Source "ChessBase"]
[SourceDate "2023.10.10"]
[SourceVersion "1"]
[SourceVersionDate "2023.10.10"]
[SourceQuality "1"]

1. e4 e5 2. Nf3 Nc6 3. d4 exd4 4. Nxd4 Nxd4 5. Qxd4 Qf6 6. Qxf6 Nxf6 7. e5 Ng4 8. f4 d6 9. h3 Nh6 10. Bd3 dxe5 11. fxe5 g6 12. Bxh6 Bxh6 13. Nd2 Be6 14. Bc4 Bxc4 15. Nxc4 0-0-0 16. 0-0 Rhf8 17. Rad1 Bg7 18. Rxd8+ Kxd8 19. c3 Ke7 20. Re1 f5 21. exf6+ Kxf6 22. Rf1+ Ke6 23. Rxf8 Bxf8 24. g4 b5 25. Ne3 Bc5 26. Kf2 Ke5 27. Kf3 Bxe3 28. Kxe3 1/2-1/2

[Event "Barcelona La Lira Spring op 1st"]
[Site "Barcelona"]
[Date "2008.04.24"]
[Round "4.12"]
[White "Sanchez Guerrero, Cesar"]
[Black "Borges Rebullida, Jordi"]
[Result "1-0"]
[WhiteElo "1942"]
[BlackElo "1700"]
[PlyCount "129"]
[EventDate "2008.04.03"]
[EventType "swiss"]
[EventRounds "8"]
[EventCountry "ESP"]
[SourceTitle "EXT 2024"]
[Source "ChessBase"]
[SourceDate "2023.10.10"]
[SourceVersion "1"]
[SourceVersionDate "2023.10.10"]
[SourceQuality "1"]

1. e4 e6 2. d4 d5 3. e5 c5 4. c3 Nc6 5. Nf3 Qb6 6. Be2 Bd7 7. 0-0 cxd4 8. cxd4 f6 9. a3 a5 10. Nc3 fxe5 11. dxe5 Nge7 12. Bd3 g6 13. Be3 d4 14. Nxd4 Nxd4 15. Bxd4 Qc7 16. Ne4 Nd5 17. Nd6+ Ke7 18. Qg4 Bg7 19. Qg5+ Kf8 20. Be4 Be8 21. Bxd5 exd5 22. Qf4+ Kg8 23. Rac1 Qe7 24. Nxe8 Rxe8 25. e6 Bxd4 26. Qxd4 Qxe6 27. Rc7 Re7 28. Rxe7 Qxe7 29. Rc1 Qe6 30. h3 h5 31. Rc5 Rh7 32. Rxd5 Re7 33. Rd6 Qe1+ 34. Kh2 Kh7 35. Qf6 Qe5+ 36. Qxe5 Rxe5 37. Rb6 Re7 38. Kg3 Kg7 39. Rb5 a4 40. Rb4 Kf7 41. Rxa4 b5 42. Rb4 Re5 43. f4 Rd5 44. Kf3 Kf6 45. Ke4 Rc5 46. g4 hxg4 47. hxg4 Ke6 48. b3 Rd5 49. a4 bxa4 50. bxa4 Ra5 51. Kd4 Rd5+ 52. Kc4 Ra5 53. Rb6+ Kf7 54. Kb4 Rd5 55. Rc6 Rd4+ 56. Rc4 Rd7 57. a5 Rd1 58. a6 Ra1 59. Kb5 Ke7 60. Rc6 Rb1+ 61. Kc5 Kf7 62. a7 Ra1 63. Kb6 Rb1+ 64. Kc7 Ra1 65. Kb7 1-0